<?xml version="1.0" encoding="UTF-8"?>
<marc:record xmlns:marc="http://www.loc.gov/MARC21/slim">
   <marc:leader>00000nam a2200000 a 4500</marc:leader>
   <marc:datafield ind1="1" ind2=" " tag="100">
      <marc:subfield code="a">Fuge, Philipp</marc:subfield>
      <marc:subfield code="4">aut</marc:subfield>
      <marc:subfield code="e">Verfasser/-in</marc:subfield>
   </marc:datafield>
   <marc:datafield ind1=" " ind2=" " tag="653">
      <marc:subfield code="a">Camping</marc:subfield>
   </marc:datafield>
   <marc:datafield ind1=" " ind2=" " tag="653">
      <marc:subfield code="a">Migration</marc:subfield>
   </marc:datafield>
   <marc:datafield ind1=" " ind2=" " tag="653">
      <marc:subfield code="a">Baum</marc:subfield>
   </marc:datafield>
   <marc:datafield ind1="0" ind2="0" tag="245">
      <marc:subfield code="a">Kein Schritt umsonst</marc:subfield>
   </marc:datafield>
   <marc:datafield ind1="0" ind2="0" tag="245">
      <marc:subfield code="b">Zu Fuß von Berlin zum Nordkap. Tagebuch einer Wanderung</marc:subfield>
   </marc:datafield>
   <marc:datafield ind1="0" ind2="0" tag="245">
      <marc:subfield code="c">Philipp Fuge</marc:subfield>
   </marc:datafield>
   <marc:datafield ind1=" " ind2="1" tag="264">
      <marc:subfield code="a">Norderstedt</marc:subfield>
      <marc:subfield code="b">Books on Demand</marc:subfield>
      <marc:subfield code="c">2017</marc:subfield>
   </marc:datafield>
   <marc:datafield ind1="1" ind2=" " tag="520">
      <marc:subfield code="a">Angaben aus der Verlagsmeldung

Kein Schritt umsonst : Zu Fuß von Berlin zum Nordkap. Tagebuch einer Wanderung / von Philipp Fuge

Zu Fuß von Berlin zum Nordkap, 3325 km in 150 Tagen. Anfangs ist das nur eine spinnerte Idee, aber sie lässt Philipp Fuge nicht mehr los. Ohne so recht an sich zu glauben, fängt er an zu planen und zu organisieren - Auszeit auf der Arbeit, nächtelanges Brüten über Landkarten, das Reisebudget zusammensparen und vieles mehr. Am 13. März 2016 ist es endlich so weit. Bei frostigem Vorfrühlingswetter bricht er auf, mit 25 kg auf dem Rücken. Schon kurz hinter Berlin kommen die ersten Zweifel - Kälte, Hunger, Erschöpfung, Einsamkeit. Doch Schritt für Schritt wird er sich seiner Sache sicherer. Ob Sonne, Regen, Sturm, Nebel, Hagel oder Gewitter, Morgen für Morgen schultert er den Rucksack und geht weiter zum nächsten Schlafplatz - meistens das eigene Zelt, hin und wieder ein Unterstand oder eine kleine Hütte, selten mal ein Hostel, und in klaren Nächten direkt unterm Sternenhimmel. Ein Leben nur mit dem Allernötigsten und ganz langsam. Oft ist er selbst erstaunt, dass ihm nichts fehlt. Im Gegenteil, er fühlt sich unendlich reich. Er nimmt uns mit auf eine Reise voller farbenprächtiger Sonnenuntergänge, tiefblauer Seen, rauschender Wälder, karger Hochebenen und schroffer Gebirgslandschaft. Er kraxelt über Blockfelder, schlägt sich mit Heerscharen von Mücken herum, überquert eiskalte Flüsse und wandert durch tiefen Schnee. Mit jedem Tag fühlt er sich draußen in der Natur ein bisschen mehr zu Hause. Er schildert sein demütiges Staunen angesichts der Herrlichkeit der Schöpfung. Doch er schwärmt nicht nur, er kritisiert auch - sich selbst und uns alle für unseren energiehungrigen, profitorientierten und zerstörerischen Lebensstil, mit dem wir uns und künftigen Generationen ein Überleben auf diesem Planeten immer schwerer machen. Wiederholt kommt er auf die vielfältigen und verworrenen Probleme unserer Zeit zu sprechen, nicht schulmeisterlich, sondern selbst ratlos. Aber eines hat er gelernt auf seiner Reise: Nicht den Mut verlieren, denn jeder Schritt zählt!
</marc:subfield>
   </marc:datafield>
   <marc:datafield ind1=" " ind2=" " tag="020">
      <marc:subfield code="a">9783746060927</marc:subfield>
      <marc:subfield code="9">9783746060927</marc:subfield>
   </marc:datafield>
   <marc:datafield ind1=" " ind2=" " tag="041">
      <marc:subfield code="a">ger</marc:subfield>
   </marc:datafield>
   <marc:datafield ind1=" " ind2=" " tag="300">
      <marc:subfield code="a">Online-Ressourcen</marc:subfield>
   </marc:datafield>
</marc:record>
